Tribhuvan University Central Library

Voltaire.- (Record no. 84343)

MARC details
000 -LEADER
fixed length control field 00499nam a22001937a 4500
008 - FIXED-LENGTH DATA ELEMENTS--GENERAL INFORMATION
fixed length control field 190305b xxu||||| |||| 00| 0 eng d
020 ## - INTERNATIONAL STANDARD BOOK NUMBER
International Standard Book Number 978-0-415-92394-1
082 ## - DEWEY DECIMAL CLASSIFICATION NUMBER
Classification number 194
Item number G793v
100 ## - MAIN ENTRY--PERSONAL NAME
Personal name Gray, John
245 ## - TITLE STATEMENT
Title Voltaire.-
260 ## - PUBLICATION, DISTRIBUTION, ETC.
Place of publication, distribution, etc. New York:
Name of publisher, distributor, etc. Routledge,
Date of publication, distribution, etc. 1999
300 ## - PHYSICAL DESCRIPTION
Other physical details 54p.-
490 ## - SERIES STATEMENT
Series statement Books in the great philosophers series
504 ## - BIBLIOGRAPHY, ETC. NOTE
Bibliography, etc. note Bibliography: p. 53-54
650 ## - SUBJECT ADDED ENTRY--TOPICAL TERM
Topical term or geographic name entry element Philosophy
650 ## - SUBJECT ADDED ENTRY--TOPICAL TERM
Topical term or geographic name entry element Biographies
650 ## - SUBJECT ADDED ENTRY--TOPICAL TERM
Topical term or geographic name entry element Philosophers
9 (RLIN) 11464
942 ## - ADDED ENTRY ELEMENTS (KOHA)
Source of classification or shelving scheme Dewey Decimal Classification
Koha item type General Collections
Holdings
Withdrawn status Lost status Source of classification or shelving scheme Damaged status Not for loan Home library Current library Shelving location Date acquired Total Checkouts Full call number Barcode Date last seen Price effective from Koha item type
    Dewey Decimal Classification     Tribhuvan University Central Library Tribhuvan University Central Library New Building 03/05/2019   194 G793v 153673 03/05/2019 03/05/2019 General Collections
    Dewey Decimal Classification     Tribhuvan University Central Library Tribhuvan University Central Library New Building 03/05/2019   194 G793v 158215 03/05/2019 03/05/2019 General Collections
    Dewey Decimal Classification     Tribhuvan University Central Library Tribhuvan University Central Library New Building 03/05/2019   194 G793v 158216 03/05/2019 03/05/2019 General Collections